00219 a2200109 4500001000700000020000600007040001100013100001900024240003100043245002600074362000900100169838 a  cMagnum aCerda, Enrique10aUna psicologia de hoylESP10aUna psicologia de hoy0 a1899